Statistics for name every episode of phineas and ferb

Click here to take the quiz!

General Stats

  • This quiz has been taken 12 times
  • The average score is 63 of 225

Answer Stats

episodecluetitle% Correct
S1E1the first episodeRollercoaster
88%
S1E7rushmoreCandace Loses Her Head
63%
S1E4car go fastThe Fast and the Phineas
63%
S1E13egyptianAre You My Mummy?
50%
S2E16cleanAt the Car Wash
50%
S3E43buford becomes a bearBuford Confidential
50%
S1E37perry becomes candaceDoes This Duckbill Make Me Look Fat?
50%
S2E8it keeps vanishingDon't Even Blink
50%
S4E46doof is a teacher nowDoof 101
50%
S1E22 (2 parter)anniversaryDude, We're Getting the Band Back Together
50%
S2E7londonElementary My Dear Stacy
50%
S3E57new tv networkFerb TV
50%
S1E3🎵🎶Flop Starz
50%
S4E3candace becomes a bugFly On the Wall
50%
S1E43new countryHail Doofania!
50%
S1E8clonesI, Brobot
50%
S1E21 (2 parter)time travelIt's About Time!
50%
S4E48 (Special)time loopLast Day Of Summer
50%
S1E2sandLawn Gnome Beach Party of Terror
50%
S2E15game showLet's Take a Quiz
50%
S1E5godzillaLights, Candace, Action!
50%
S4E40candace becomes pizza delivery guyMandace
50%
S3E41 (2 parter)cuteness overloadMeapless in Seattle
50%
S4E44lots of meNight of the Living Pharmacists
50%
S1E39 (2 parter)hiccupOne Good Scare Ought to Do It!
50%
S1E44 (2 parter)the moonOut to Launch
50%
S2E10eggPerry Lays an Egg
50%
S1E45 (2 parter)all a dreamPhineas and Ferb Get Busted!
50%
S4E22 (Special)crossoverPhineas and Ferb: Mission Marvel
50%
S4E33 (Special)someone moves the planet out of orbitPhineas and Ferb Save Summer
50%
S1E14snobby bandReady for the Bettys
50%
S2E63 (Special)the first episode + 🎵🎶Rollercoaster: The Musical!
50%
S3E3gotta go fastRun, Candace, Run
50%
S3E19monopoly but bigSkiddley Whiffers
50%
S1E11coldS'Winter
50%
S4E26 (Halloween special)horror storiesTerrifying Tri-State Trilogy of Terror
50%
S1E24orange mossThe Ballad of Badbeard
50%
S2E50 (2 parter)new superheroThe Beak
50%
S2E12 (2 parter)meapThe Chronicles of Meap
50%
S2E1 (2 parter)zincThe Lake Nose Monster
50%
Extrafailed pilotThe OWCA Files
50%
S3E61 (2 parter)flashbackThis is Your Backstory
50%
S3E28wheelTri-Stone Area
50%
S2E42antigravityUndercover Carl
50%
S1E46marsUnfair Science Fair
50%
S2E22pizzaziumVanessassary Roughness
50%
S2E57labyrinthWe Call It Maze
50%
S3E48crikey the crocodileWhat a Croc!
50%
S3E55carl is evilWhere's Perry?
50%
S4E47 (2 parter)took him long enoughAct Your Age
38%
S3E46doof tries to be goodAgent Doof
38%
S2E36under the seaAtlantis
38%
S2E5dolphinBackyard Aquarium
38%
S4E10invention casseroleBackyard Hodge Podge
38%
S3E12haircutBad Hair Day
38%
S4E11big slideBee Day
38%
S4E12waggle danceBee Story
38%
S1E29cavemanBoyfriend From 27,000 B.C.
38%
S3E38new nerdBully Bromance Breakup
38%
S2E6the sentient goopDay of the Living Gelatin
38%
S3E53doof is no longer humanDoofapus
38%
S3E30 (2 parter)swordExcaliferb!
38%
S3E26new languageFerb Latin
38%
S2E11phineas dies (real)Gaming the System
38%
S4E13water ballGreat Balls of Water
38%
S4E2 (Special)ball dropHappy New Year!
38%
S2E19smallHide and Seek
38%
S1E15ice creamI Scream, You Scream
38%
S1E12circusJerk De Soleil
38%
S4E30bad luckJust Our Luck
38%
S4E16licoriceKnot My Problem
38%
S2E58alien heartLadies and Gentlemen, Meet Max Modem!
38%
S1E26reality showLeave the Busting to Us!
38%
S3E16injuryMommy Can You Hear Me?
38%
S2E55 (2 parter)lotr fans vs star trek fansNerds of a Feather
38%
S2E34danceNerdy Dancin'
38%
S2E23evil rabbitNo More Bunny Business
38%
S2E46impostorsNot Phineas and Ferb
38%
S2E17where'd he goOh, There You Are, Perry
38%
S1E41artOil on Candace
38%
S4E39why did she send that letterOperation Crumb Cake
38%
S2E47candace teams upPhineas and Ferb-Busters!
38%
S4E41 (Special)ferb is evil nowPhineas and Ferb: Star Wars
38%
S1E36golfingPut That Putter Away
38%
S3E39ninja outfitQuietest Day Ever
38%
S1E6thumb warRaging Bully
38%
S1E9pencil neckRun Away Runway
38%
S4E7 (2 parter)canadaSidetracked
38%
S2E13evil phineas and ferbThaddeus and Thor
38%
S2E21rock band formed over ungraded papersThe Baljeatles
38%
S1E28nothingThe Best Lazy Day Ever
38%
S2E60skyscraperThe Doof Side of the Moon
38%
S1E38canyon jumpThe Flying Fishmonger
38%
S2E52capitalismThe Lemonade Stand
38%
S1E10cowboyThe Magnificent Few
38%
S2E3agletTip of the Day
38%
S2E35mystery contraptionWhat Do It Do?
38%
S2E56 (2 parter)fever dreamWizard of Odd
38%
S2E4big watermelonAttack of the 50 Foot Sister
25%
S3E62can't seeBlackout!
25%
S1E33bowlingBowl-R-Ama Drama
25%
S2E27floatingBubble Boys
25%
S4E4candace hires bufordBully Bust
25%
S2E65intimate get togetherCandace Gets Busted
25%
S2E39weddingCandace's Big Day
25%
S3E2fusionCanderemy
25%
S2E9new fadChez Platypus
25%
S3E42delivery guyDelivery of Destiny
25%
S2E14paper macheDe Plane! De Plane!
25%
S4E27foam town + giant batFace Your Fear
25%
S4E34precious lawn gnomeFather's Day
25%
S2E32noir filmFinding Mary McGuffin
25%
S2E3050 in 24Fireside Girl Jamboree
25%
S4E1hockeyFor Your Ice Only
25%
S1E17forest thingGet That Bigfoot Outa My Face!
25%
S1E34olympicsGot Game?
25%
S1E25chariot raceGreece Lightning
25%
S4E19rainbowHappy Birthday, Isabella
25%
S2E2chatteringInterview With a Platypus
25%
S2E44alienInvasion of the Ferb Snatchers
25%
S2E28hairsprayIsabella and the Temple of Sap
25%
S1E18monster truckIt's a Mud, Mud, Mud, Mud World
25%
S2E40eulgI Was a Middle Aged Robot
25%
S1E20sandwichJourney to the Center of Candace
25%
S2E38sv_cheats 1 noclipJust Passing Through
25%
S2E64princess doppelgangerMake Play
25%
S3E13meatMeatloaf Surprise
25%
S4E9shawshankMind Share
25%
S1E19celebrateMom's Birthday
25%
S4E5carMy Sweet Ride
25%
S1E42cartoonOut of Toon
25%
Moviealien invasionPhineas and Ferb: Candace Against the Universe
25%
S4E15🎵🎶 with kelly osbournePhineas and Ferb's Musical Cliptastic Countdown
25%
S2E26 (Special)🎵🎶 againPhineas and Ferb's Musical Cliptastic Countdown
25%
S2E25 (2 parter)time travel againPhineas and Ferb's Quantum Boogaloo
25%
S2E33teleportPicture This
25%
S4E8 (2 parter)meet the sniperPrimal Perry
25%
S3E50aliens and pizzaSci-Fi Pie Fly
25%
S2E51it's rewind timeShe's the Mayor
25%
S3E51magic showSipping with the Enemy
25%
S2E24relaxSpa Day
25%
S2E18maroonedSwiss Family Phineas
25%
S2E20date on a boatThat Sinking Feeling
25%
S2E31windmill hotdogThe Bully Code
25%
S3E1biosphereThe Great Indoors
25%
S4E43doof tries to motivate peopleThe Inator Method
25%
S4E36evil rabbit is backThe Return of the Rogue Rabbit
25%
S3E18bikeTour de Ferb
25%
S1E23treehouseTree to Get Ready
25%
S4E24big horseTroy Story
25%
S1E47mars againUnfair Science Fair Redux (Another Story)
25%
S1E30goldfishVoyage to the Bottom of Buford
25%
S3E59sorry im lateWhat'd I Miss?
25%
S1E31medieval tournament in englandA Hard Day's Knight
13%
S2E45rocketAin't No Kiddie Ride
13%
S2E62sicknessBrain Drain
13%
S3E21dartsBullseye!
13%
S3E10easter islandCandace Disconnected
13%
S4E28jeremy birthdayCheers for Fears
13%
S2E29depressionCheer Up Candace
13%
S1E35squirrelsComet Kermillian
13%
S1E27roller derbyCrack That Whip
13%
S4E6folk taleDer Kinderlumper
13%
S3E29paper dragonDoof Dynasty
13%
S4E25 (Halloween special)halloween partyDruselsteinoween
13%
S3E24trappedEscape from Phineas Tower
13%
S3E33big bugGi-Ants
13%
S2E43unification dayHip Hip Parade
13%
S4E35big kitesImperfect Storm
13%
S4E18chupacopterLa Candace-Cabra
13%
S3E37trampolinesLet's Bounce
13%
S4E32car go fast againLive and Let Drive
13%
S4E42black hole forms and almost destroys everythingLost in Danville
13%
S4E20norm gets a dateLove at First Byte
13%
S3E11aladdinMagic Carpet Ride
13%
S3E47rodrigoMinor Monogram
13%
S3E54danville almost gets nukedNorm Unleashed
13%
Movieinterdimensional chaosPhineas and Ferb: Across the 2nd Dimension
13%
S2E37 (Christmas special)naughtyPhineas and Ferb Christmas Vacation!
13%
S2E53 (Special)cursed tikiPhineas and Ferb Hawaiian Vacation
13%
S3E14boringPhineas and Ferb Interrupted
13%
S2E54 (Special)circumnavigationPhineas and Ferb: Summer Belongs to You!
13%
S3E60doof gets lostRoad to Danville
13%
S3E17portable dinerRoad Trip
13%
S2E49robo bullRobot Rodeo
13%
S3E49doof visits his dreamSleepwalk Surprise
13%
S2E61divisionSplit Personality
13%
S4E29old coinSteampunx
13%
S2E41babysitterSuddenly Suzy
13%
S4E45 (Special)interdimensional chaos againTales from the Resistance
13%
S4E23carl feels left outThanks But No Thanks
13%
S3E23 (Halloween special)haunted houseThat's the Spirit!
13%
S3E22vampirismThe Curse of Candace
13%
S3E40driving testThe Doonkelberry Imperative
13%
S4E38 (2 parter)completely out of styleThe Klimpaloon Ultimatum
13%
S2E48ferb gives a speechThe Lizard Whisperer
13%
S3E44come here momThe Mom Attractor
13%
S1E40 (Halloween special)weird scienceThe Monster of Phineas-n-Ferbenstein
13%
S2E59atvThe Secret of Success
13%
S1E16inactionToy to the World
13%
S1E32cameraTraffic Cam Caper
13%
S3E58whalemingosWhen Worlds Collide
13%
S3E27 (Christmas special)christmas in julyA Phineas and Ferb Family Christmas
0%
S3E15identity crisisA Real Boy
0%
S3E8smart computerAsk a Foolish Question
0%
S3E45too smartCranius Maximus
0%
S4E37affectionIt's No Picnic
0%
S4E17rock climbing wallJust Desserts
0%
S3E4dodo birdLast Train to Bustville
0%
S3E25potato gremlinsLotsa Latkes
0%
S3E9funhouseMisperceived Monotreme
0%
S3E35new strategyMom's In the House
0%
S3E32she forgor 💀Monster from the Id
0%
S3E7the moon + ice creamMoon Farm
0%
S3E20 (2 parter)football x-7My Fair Goalie
0%
S4E21ultimate obstacle courseOne Good Turn
0%
S3E36new mascotPerry the Actorpus
0%
S3E31indiana jonesPhineas and Ferb and the Temple of Juatchadoon
0%
S3E5 (Special)clipshowPhineas' Birthday Clip-O-Rama!
0%
S4E31batting cageReturn Policy
0%
S3E6robosharkThe Belly of the Beast
0%
S3E34complete discombobulation in reverseThe Remains of the Platypus
0%
S3E52worthington duboisTri-State Treasure: Boot of Secrets
0%
S3E56carl is no longer evilWhere's Perry? (Part Two)
0%
S4E14buford has sharp sensesWhere's Pinky?
0%

Score Distribution

Percentile by Number Answered

Percent of People with Each Score

Your Score History

You have not taken this quiz